000 00611nam a2200145Ia 4500
008 100204s9999 xx 000 0 und d
082 _b12380
100 _aपरीख बाबालाला / परीख उषा
245 _aसगर्भावस्था आणि तुमचे बालक
260 _b"गाला पब्लिशर्स, मुंबई"
_c1989
300 _a100
630 _aसगर्भावस्था आणि तुमचे बालक
730 _aसगर्भावस्था आणि तुमचे बालक
942 _cBOOK
999 _c456813
_d456810